00740 2200265 4500001002100000005001700021008004100038020002200079035002400101040001200125082001600137084002200153100001200175245008200187250001100269260003800280300002800318500001100346504003100357650002000388700001800408700001400426850001200440990002200452INLIS00000000002228520160905131939.0  a978-602-9033-90-8 0010-091600000000057 aYOPDYOG 223a297.265 aDEP 297.265 Mun E aMUNIRON aEpistemologi ikhwan as-shafac/ Muniron; penyunting, Hafidz Hasyim, Ahmadiono aCet. 1 aYogyakartabPustaka Pelajarc2011 axix, 380 hlm.c; 21 cm. aIndeks aBibliografi : hlm. 357-371 aIslam dan sains aHafidz Hasyim aAhmadiono aYOPDYOG aCB-D.11/2011-1285